000 00841nam a2200253Ia 4500
003 IN-BaIIA
008 211028s9999 xx s 000 0 eng d
020 _a978-3-642-19949-3 (Print)
020 _a978-3-642-19950-9 (Online)
022 _a2190-5053 (Print)
022 _a2190-5061 (Online)
040 _cIIA Library
100 _aSchmid, Karl
_939016
245 0 _aLaser Wakefield Electron Acceleration
_h[eBook]
260 _aHeidelberg, Berlin
_bSpringer Berlin Heidelberg
_c2011
300 _aOnline resource
490 _aSpringer Theses
650 _a Optics, Lasers, Photonics, Optical Devices
650 _a Particle Acceleration and Detection, Beam Physics
650 _a Plasma Physics
_93732
650 _aPhysics
_973
856 _uhttp://doi.org/10.1007/978-3-642-19950-9
_yClick Here to Access eBook
942 _cEB
999 _c21045
_d21045